LDR 00807naa#a2200169#i#450# 001 EN\\bibl\120923 005 20260604070746.4 011 ## _a1998-6785 100 ## _a20220621b2022####ek#y0engy0150####ca 102 ## _aRU 200 1# _aOrthodoxy and the secular school in Primorsky Region in 1990–2012 _eJournal article 210 1# _aVladivostok _cVladivostok State University _d2022 215 ## _a9 с. 608 ## _aJournal article _2local 675 ## _aПрирода права. Подразделения права. Правовые теории. Области применения. Территория, на которой действует право. 34.01 _aИстория. Теоретические вопросы. 93 _aВсеобщая история. 94 _z 700 #1 _aLoginova _gTatyana V. 856 4# _aojkum.editorum.ru _u